| 000 | 00646nam a22001697a 4500 | ||
|---|---|---|---|
| 005 | 20120227123754.0 | ||
| 020 |
_a1563088622 _c900.00 |
||
| 035 | _aB-168475 | ||
| 037 |
_aDPL _bENG |
||
| 100 |
_aWallace, Danny P. _943058 |
||
| 245 |
_aLibrary evaluation : _bA casebook and can-do guide / _cby Danny P. Wallace and Connie Van Fleet |
||
| 260 |
_aColorado _bLibraries Unlimited, Inc. _c2005 |
||
| 300 |
_axix, 237p. _c22 cms. |
||
| 700 |
_aFleet, Connie Van _943059 |
||
| 942 |
_2ddc _cEN _h0025.1 _mLIB |
||
| 999 |
_c63490 _d63490 |
||